[Event "Sao Bernardo do Campo op"]
[Site "Sao Bernardo do Campo"]
[Date "2013.05.25"]
[Round "4"]
[White "Dos Santos, Jose Antonio"]
[Black "Sousa, Fabio de Fatima"]
[Result "0-1"]
[WhiteElo "1818"]
[BlackElo "1765"]
[PlyCount "54"]
[EventDate "2013.05.24"]
[EventType "swiss"]
[EventRounds "6"]
[EventCountry "BRA"]
[SourceTitle "CBM 154 Extra"]
[Source "ChessBase"]
[SourceDate "2013.06.25"]
[SourceVersion "2"]
[SourceVersionDate "2013.06.25"]
[SourceQuality "1"]

1. d4 d5 2. Nf3 Nf6 3. e3 c5 4. b3 Nc6 5. Bb2 Bf5 6. Nbd2 Nb4 7. Bb5+ Nd7 8. 0-0 Bxc2 9. Qc1 Bd3 10. Bxd7+ Qxd7 11. Ne5 Qb5 12. Nxd3 Nxd3 13. Qb1 Nxb2 14. Qxb2 e6 15. Rac1 f6 16. a3 Bd6 17. dxc5 Bxc5 18. b4 Bd6 19. Nb3 Kd7 20. Nc5+ Bxc5 21. Rxc5 Qb6 22. a4 Rhc8 23. Rb5 Qc6 24. e4 dxe4 25. Qd4+ Ke7 26. Rd1 Rd8 27. Qc5+ Qxc5 0-1

[Event "Sao Bernardo do Campo LXSBC fin-C 4th"]
[Site "Sao Bernardo do Campo"]
[Date "2013.01.25"]
[Round "5"]
[White "Sousa, Fabio de Fatima"]
[Black "Tamarozi, Isabelle"]
[Result "0-1"]
[WhiteElo "1778"]
[BlackElo "1726"]
[PlyCount "78"]
[EventDate "2013.01.19"]
[EventType "tourn"]
[EventRounds "9"]
[EventCountry "BRA"]
[SourceTitle "EXT 2015"]
[Source "ChessBase"]
[SourceDate "2014.11.20"]
[SourceVersion "1"]
[SourceVersionDate "2014.11.20"]
[SourceQuality "1"]

1. e4 c5 2. Nf3 d6 3. d4 cxd4 4. Nxd4 Nf6 5. Nc3 g6 6. Be3 Bg7 7. f3 Nc6 8. Qd2 0-0 9. 0-0-0 Nxd4 10. Bxd4 Be6 11. Kb1 Qc7 12. h4 Rfc8 13. g4 Qa5 14. h5 Rxc3 15. Qxc3 Qxa2+ 16. Kc1 Rc8 17. Qe1 Qa4 18. Rh2 Bb3 19. Qg3 Bxc2 20. Bc3 Qa1+ 21. Kxc2 Qa4+ 22. Kd2 b5 23. Be2 b4 24. Bxf6 Rc2+ 25. Ke1 Bxf6 26. hxg6 hxg6 27. Bd3 Rxb2 28. Rxb2 Bxb2 29. Qg1 Bc3+ 30. Ke2 Qa2+ 31. Kf1 b3 32. Qf2 a5 33. Bb1 Qa1 34. Kg2 a4 35. Qa7 Qb2+ 36. Kg3 a3 37. Qa8+ Kg7 38. Rh1 Be5+ 39. Kh3 Qf2 0-1

[Event "Sao Bernardo do Campo LXSBC fin-C 4th"]
[Site "Sao Bernardo do Campo"]
[Date "2013.01.20"]
[Round "4"]
[White "Cadilhac, Igor Tokuichi Kikuc"]
[Black "Sousa, Fabio de Fatima"]
[Result "1-0"]
[WhiteElo "1864"]
[BlackElo "1778"]
[PlyCount "69"]
[EventDate "2013.01.19"]
[EventType "tourn"]
[EventRounds "9"]
[EventCountry "BRA"]
[SourceTitle "EXT 2015"]
[Source "ChessBase"]
[SourceDate "2014.11.20"]
[SourceVersion "1"]
[SourceVersionDate "2014.11.20"]
[SourceQuality "1"]

1. e4 c5 2. Nf3 d6 3. d4 cxd4 4. Qxd4 a6 5. c4 Nc6 6. Qd2 g6 7. b3 Bg7 8. Bb2 Nf6 9. Nc3 0-0 10. h3 Qa5 11. Bd3 Nb4 12. Bb1 b5 13. a3 Nc6 14. b4 Qb6 15. Nd5 Nxd5 16. Bxg7 Kxg7 17. exd5 Na7 18. Qc3+ Kg8 19. c5 dxc5 20. bxc5 Qd8 21. Be4 f5 22. Bc2 h6 23. 0-0-0 a5 24. Qe3 Kh7 25. Rhe1 Rf7 26. Ne5 Rg7 27. Rd4 b4 28. Nf3 Nb5 29. Qxh6+ Kg8 30. Rh4 Kf7 31. Ne5+ Kf6 32. f4 Qxd5 33. Qg5+ Ke6 34. Bxf5+ gxf5 35. Rh6+ 1-0